000 01139cam a2200361 i 4500
001 0000629
003 DO-SdBNP
005 20171109091104.0
007 0000629
008 100514s 2008 sp | |||| 000 f spa
015 _a
017 _a
_b
020 _a9788430606559
035 _a
040 _aBPMSU
_bspa
_cBPMSU
_e
080 _a
092 _a306.85
_bF399f
100 1 _aFerry, Luc
_d1951-
240 1 0 _aFamilles, je vous aime, politique et vie privée à l´âge de la mondialisation
245 1 0 _aFamilia y amor
_bun alegato a favor de la vida privada /
_cLuc Ferry ; traducción Sandra Chaparro Martínez
260 _aMadrid:
_bTaurus,
_bSantillana ediciones generales,
_c2008.
300 _a162 p.:
_c22 cm
490 _aPensamiento
500 _aIncluye datos biográficos del autor en la solapa de la cubierta
650 4 _aFAMILIA
_xFILOSOFÍA
651 _xFILOSOFIA
700 1 2 _aChaparro Martínez, Sandra
_etrad.
830 0 _aPensamiento
910 _aValidado. Control de calidad MFF
942 _2ddc
_cBK
945 _aInventariado extranjero / 2017 VM
956 _aYLOCKWARD
_810
_cBPMSU
999 _c11235
_d11235